01979nam a2200301uu 4500001000800000005001700008007001000025008004100035035001200076040001300088041000800101080000900109082000800118100004000126245012900166260003500295300001300330520107100343650002601414650002301440650002701463650004501490650002301535700003801558856006101596502001201657526000801669146081320260508090951.0co|||||||170221s2017 spa  a1460813 ccomduadb aspa aE/CD 4a62210aQuintero Rúa, Alejandra4auteaut10aArqueología de la minería : una mirada hacia la minería aluvial de oro practicada en el municipio de Guarne, Antioquia aMedellín :bAutor(a),c2017. a1 CD-ROM3 aRESUMEN: El presente trabajo realiza un acercamiento a los procesos mineros asociados a la minería aluvial de oro llevada a cabo en el municipio de Guarne, Antioquia, específicamente sobre las quebradas La Mosca, Batea Seca y La Mejía/Nogal, a la luz de los documentos históricos, la tradición oral y el registro material arqueológico. A lo largo del escrito se presenta un balance general de los actores, las técnicas, los métodos, las herramientas empleadas en la minería aluvial de oro en Guarne y posteriormente se realiza una descripción sobre la manera como se han visto reflejadas todas estas actividades relacionadas a la minería aluvial de oro en el paisaje. Para finalmente, y después de contrastar toda la información encontrada intentar responder a preguntas tales como: ¿Quiénes trabajaron este tipo de minería? ¿en qué espacios la trabajaron? ¿aproximadamente desde cuándo ha sido trabajada? ¿Cuál es el mundo simbólico y social asociado a ella? y ¿Cuáles fueron las implicaciones de este tipo de minería? 7aArqueología2armarc aMinas de aluvión aMinería de aluvión 7aMinas de orozAntioquia (Colombia)2lemb aGuarne (Antioquia)10aCastillo Espitia, Neyla4thseths4 uhttps://bibliotecadigital.udea.edu.co/handle/10495/14043 b103c12 a104